000 01131cam a2200325 a 4500
001 23911
003 BD-RjUL
005 20211209001003.0
008 140312r19511912enk b 000 0 eng d
035 _a(BD-RjUL)23976
035 _a(OCoLC)6671094
040 _aKSU
_cKSU
_dm.c
_dEQO
_dBD-RjUL
_beng
041 1 _aeng
_alat
_hlat
082 0 4 _a872
_bTET 1951
090 _aPA6156
_b.T4 1912a
099 _a*ML A.8AE.TER2 - 4M-L - B2
100 0 _aTerence.
_973619
245 1 0 _aTerence /
_cwith an English translation by John Sargeaunt.
_nVolume-2
260 _aLondon ;
_bHeinemann ;
_aNew York :
_bMacmillan,
_c1912 [reprinted 1951].
300 _aV-2 (323 p.) ;
_c17 cm.
490 1 _aLoeb classical library ;
_v22-23.
504 _aIncludes bibliographical references.
505 0 _a1. The lady of Andros. The self-tormentor. The eunuch.-- 2. Phormio. The mother-in-law. The brothers.
650 1 _a Terence -- Translations into English.
_973620
830 0 _v22-23.
_973623
700 1 _aSargeaunt, John,
_d1857-1922.
_960766
830 0 _aLoeb classical library ;
_973624
942 _2ddc
_cBK
999 _c23911
_d23911